000 00577nam a2200217 a 4500
001 13985
003 CO-ViMGA
005 20230915230754.0
008 141112s2004 ck r 000 u spa d
020 _a9700510417
040 _aCO-ViMGA
_bspa
_cCO-ViMGA
082 0 4 _a813.5 R333v
100 1 _aRedfield, James
_912725
245 1 0 _aLa vision celestina
260 _aMexico D.F. :
_bGrijalbo,
_c1999
300 _a247
590 _aForma de adquisición : COMPRA
650 1 4 _aNOVELA ESTADOUNIDENSE
_92233
650 1 4 _aVIDA ESPRITUAL - NOVELA
_912726
942 _2ddc
_cBK
999 _c24686
_d24686